Planes y programas de estudios para la educación general básica
保存先:
| フォーマット: | 図書 |
|---|---|
| 言語: | スペイン語 |
| 出版事項: |
Santiago
Ministerio de Educación
1984
|
| 版: | 3a. ed |
| 主題: | |
| タグ: |
タグ追加
タグなし, このレコードへの初めてのタグを付けませんか!
|
MARC
| LEADER | 00000nam a2200000 a 4500 | ||
|---|---|---|---|
| 001 | UCY1580 | ||
| 003 | CL-VaPUC | ||
| 008 | 940907e19840000CL |||||||||||||||||spa|d | ||
| 082 | 0 | 4 | |a 371.3 |b MIN |2 21 |
| 245 | 1 | 0 | |a Planes y programas de estudios para la educación general básica |
| 250 | |a 3a. ed | ||
| 300 | |a 3 v | ||
| 942 | |c BK | ||
| 945 | |d 19940907 00:00:00 |a rbrito | ||
| 260 | |a Santiago |b Ministerio de Educación |c 1984 | ||
| 500 | |a v.1: Castellano, Ciencias naturales, Artes plásticas | ||
| 500 | |a v.2: Matemáticas, Idiomas extranjeros | ||
| 500 | |a v.3: Historia y geografía, Educación física, Educación musical, Técnico manual, Huertos escolares, Formación de hábitos y actitud | ||
| 650 | 0 | |a Currículo |9 307290 | |
| 650 | 0 | |a Educación básica |9 224933 | |
| 651 | 7 | |a CHILE |2 CL-VaPUC |9 329597 | |
| 583 | |a last modification |c 19940907 00:00:00 |k Rodrigo Vera | ||
| 999 | |c 230239 |d 230237 | ||
| 952 | |0 0 |1 0 |4 0 |6 371_300000000000000_MIN_1984 |7 0 |8 P |9 232310 |a BIBEDU |b BIBEDU |c BIBEDU_PB |d 2019-11-15 |h v.3 |i 3013111 |o 371.3 MIN 1984 |p 3013111 |r 2024-01-25 |w 2019-11-15 |y BK |k EDU | ||
| 952 | |0 0 |1 0 |4 0 |6 371_300000000000000_MIN_1984 |7 0 |8 P |9 232311 |a BIBEDU |b BIBEDU |c BIBEDU_PB |d 2019-11-15 |h v.3 |i 301312K |o 371.3 MIN 1984 |p 301312K |r 2024-01-25 |w 2019-11-15 |y BK |k EDU | ||
| 952 | |0 0 |1 0 |4 0 |6 371_300000000000000_MIN_1984 |7 0 |8 P |9 232312 |a BIBEDU |b BIBEDU |c BIBEDU_PB |d 2019-11-15 |h v.3 |i 3013138 |o 371.3 MIN 1984 |p 3013138 |r 2024-01-25 |w 2019-11-15 |y BK |k EDU | ||
| 952 | |0 0 |1 0 |4 0 |6 371_300000000000000_MIN_1984 |7 0 |8 P |9 232313 |a BIBEDU |b BIBEDU |c BIBEDU_PB |d 2019-11-15 |h v.3 |i 3013146 |o 371.3 MIN 1984 |p 3013146 |r 2024-01-25 |w 2019-11-15 |y BK |k EDU | ||
| 952 | |0 0 |1 0 |4 0 |6 371_300000000000000_MIN_1984 |7 0 |8 P |9 232314 |a BIBEDU |b BIBEDU |c BIBEDU_PB |d 2019-11-15 |h v.3 |i 3013154 |o 371.3 MIN 1984 |p 3013154 |r 2024-01-25 |w 2019-11-15 |y BK |k EDU | ||
| 952 | |0 0 |1 0 |4 0 |6 371_300000000000000_MIN_1984 |7 0 |8 P |9 232315 |a BIBEDU |b BIBEDU |c BIBEDU_PB |d 2019-11-15 |h v.1 |i 3013014 |o 371.3 MIN 1984 |p 3013014 |r 2024-01-25 |w 2019-11-15 |y BK |k EDU | ||
| 952 | |0 0 |1 0 |4 0 |6 371_300000000000000_MIN_1984 |7 0 |8 P |9 232316 |a BIBEDU |b BIBEDU |c BIBEDU_PB |d 2019-11-15 |h v.1 |i 3013022 |o 371.3 MIN 1984 |p 3013022 |r 2024-01-25 |w 2019-11-15 |y BK |k EDU | ||
| 952 | |0 0 |1 0 |4 0 |6 371_300000000000000_MIN_1984 |7 0 |8 P |9 232317 |a BIBEDU |b BIBEDU |c BIBEDU_PB |d 2019-11-15 |h v.1 |i 3013057 |o 371.3 MIN 1984 |p 3013057 |r 2024-01-25 |w 2019-11-15 |y BK |k EDU | ||
| 952 | |0 0 |1 0 |4 0 |6 371_300000000000000_MIN_1984 |7 0 |8 P |9 232318 |a BIBEDU |b BIBEDU |c BIBEDU_PB |d 2019-11-15 |h v.2 |i 3013065 |o 371.3 MIN 1984 |p 3013065 |r 2024-01-25 |w 2019-11-15 |y BK |k EDU | ||
| 952 | |0 0 |1 0 |4 0 |6 371_300000000000000_MIN_1984 |7 0 |8 P |9 232319 |a BIBEDU |b BIBEDU |c BIBEDU_PB |d 2019-11-15 |h v.2 |i 3013073 |o 371.3 MIN 1984 |p 3013073 |r 2024-01-25 |w 2019-11-15 |y BK |k EDU | ||
| 952 | |0 0 |1 0 |4 0 |6 371_300000000000000_MIN_1984 |7 0 |8 P |9 232320 |a BIBEDU |b BIBEDU |c BIBEDU_PB |d 2019-11-15 |h v.2 |i 3013081 |o 371.3 MIN 1984 |p 3013081 |r 2024-01-25 |w 2019-11-15 |y BK |k EDU | ||
| 952 | |0 0 |1 0 |4 0 |6 371_300000000000000_MIN_1984 |7 0 |8 P |9 232321 |a BIBEDU |b BIBEDU |c BIBEDU_PB |d 2019-11-15 |h v.2 |i 301309K |o 371.3 MIN 1984 |p 301309K |r 2024-01-25 |w 2019-11-15 |y BK |k EDU | ||
| 952 | |0 0 |1 0 |4 0 |6 371_300000000000000_MIN_1984 |7 0 |8 P |9 232322 |a BIBEDU |b BIBEDU |c BIBEDU_PB |d 2019-11-15 |h v.2 |i 3013103 |o 371.3 MIN 1984 |p 3013103 |r 2024-01-25 |w 2019-11-15 |y BK |k EDU | ||
| 952 | |0 0 |1 0 |4 0 |6 371_300000000000000_MIN_1984 |7 0 |8 P |9 232323 |a BIBEDU |b BIBEDU |c BIBEDU_PB |d 2019-11-15 |h v.3 |i 1513060 |o 371.3 MIN 1984 |p 1513060 |r 2024-01-25 |w 2019-11-15 |y BK |k EDU | ||
| 952 | |0 0 |1 0 |4 0 |6 371_300000000000000_MIN_1984 |7 0 |8 P |9 232324 |a BIBEDU |b BIBEDU |c BIBEDU_PB |d 2019-11-15 |h v.3 |i 1569376 |o 371.3 MIN 1984 |p 1569376 |r 2024-01-25 |w 2019-11-15 |y BK |k EDU | ||